[Event "NK 2023 kwalicificatie"]
[Site "Haarlem, Netherlands"]
[Date "2023.06.04"]
[Round "7.4"]
[White "Pijpers, Arthur"]
[Black "Timmermans, Mark"]
[Result "1-0"]
[BlackCountry "NL"]
[BlackElo "2402"]
[BlackTitle "IM"]
[WhiteElo "2465"]

1. e4 {[%clk 0:15:05.0]} e5 {[%clk 0:15:01.8]} 2. Nf3 {[%clk 0:15:08.4]} Nc6 {[%clk 0:15:05.3]} 3. Bb5 {[%clk 0:15:11.8]} a6 {[%clk 0:15:09.2]} 4. Ba4 {[%clk 0:15:15.4]} Nge7 {[%clk 0:15:12.8]} 5. c3 {[%clk 0:15:10.9]} Ng6 {[%clk 0:15:13.3]} 6. d4 {[%clk 0:15:01.2]} exd4 {[%clk 0:15:14.9]} 7. cxd4 {[%clk 0:15:03.1]} d5 {[%clk 0:15:18.8]} 8. exd5 {[%clk 0:14:53.9]} Bb4+ {[%clk 0:15:22.2]} 9. Nc3 {[%clk 0:14:32.6]} Bxc3+ {[%clk 0:15:16.3]} 10. bxc3 {[%clk 0:14:34.6]} Qxd5 {[%clk 0:15:19.9]} 11. Qe2+ {[%clk 0:14:06.0]} Ne7 {[%clk 0:12:55.2]} 12. 0-0 {[%clk 0:13:10.2]} 0-0 {[%clk 0:12:53.6]} 13. Ba3 {[%clk 0:12:55.9]} Re8 {[%clk 0:11:45.7]} 14. Bxc6 {[%clk 0:10:37.8]} Qxc6 {[%clk 0:09:34.3]} 15. Bxe7 {[%clk 0:10:39.6]} Be6 {[%clk 0:09:08.8]} 16. Ne5 {[%clk 0:09:48.1]} Qxc3 {[%clk 0:08:50.9]} 17. Rac1 {[%clk 0:09:08.8]} Qxd4 {[%clk 0:06:30.4]} 18. Rxc7 {[%clk 0:09:04.9]} Qb6 {[%clk 0:06:32.9]} 19. Rfc1 {[%clk 0:08:45.6]} Bd5 {[%clk 0:06:05.7]} 20. Qg4 {[%clk 0:06:06.3]} h5 {[%clk 0:03:20.0]} 21. Qf5 {[%clk 0:04:30.9]} Bxa2 {[%clk 0:02:42.7]} 22. h4 {[%clk 0:04:13.0]} Bd5 {[%clk 0:01:33.0]} 23. R1c3 {[%clk 0:03:44.5]} Qa5 {[%clk 0:00:33.2]} 24. Rg3 {[%clk 0:01:24.7]} Rxe7 {[%clk 0:00:08.2]} 25. Rxe7 {[%clk 0:01:13.8]} Qe1+ {[%clk 0:00:08.0]} 26. Kh2 {[%clk 0:01:15.8]} Be6 {[%clk 0:00:07.5]} 27. Rxe6 {[%clk 0:01:13.0]} fxe6 {[%clk 0:00:10.9]} 28. Qf7+ {[%clk 0:01:16.3]} Kh8 {[%clk 0:00:14.1]} 29. Qxg7# {[%clk 0:01:20.1]} 1-0

[Event "NK 2023 kwalicificatie"]
[Site "Haarlem, Netherlands"]
[Date "2023.06.04"]
[Round "7.5"]
[White "ten Hertog, Hugo"]
[Black "Van Orsouw, Theo"]
[Result "1-0"]
[BlackElo "1909"]
[WhiteCountry "NL"]
[WhiteElo "2526"]
[WhiteTitle "GM"]

1. e4 {[%clk 0:15:05.0]} c5 {[%clk 0:15:01.5]} 2. Nc3 {[%clk 0:15:08.5]} Nc6 {[%clk 0:15:01.9]} 3. Bb5 {[%clk 0:15:09.8]} Nd4 {[%clk 0:14:47.1]} 4. Bc4 {[%clk 0:15:13.3]} e6 {[%clk 0:14:44.8]} 5. Nge2 {[%clk 0:15:16.3]} Nxe2 {[%clk 0:14:45.1]} 6. Qxe2 {[%clk 0:15:11.2]} g6 {[%clk 0:14:35.8]} 7. f4 {[%clk 0:14:51.9]} Bg7 {[%clk 0:14:36.3]} 8. e5 {[%clk 0:14:31.3]} Ne7 {[%clk 0:14:28.2]} 9. Ne4 {[%clk 0:14:30.1]} 0-0 {[%clk 0:14:24.3]} 10. 0-0 {[%clk 0:14:09.3]} Nf5 {[%clk 0:14:05.5]} 11. d3 {[%clk 0:12:53.6]} d5 {[%clk 0:13:57.6]} 12. exd6 {[%clk 0:12:56.9]} Nxd6 {[%clk 0:13:56.0]} 13. Bb3 {[%clk 0:12:29.0]} b6 {[%clk 0:13:24.8]} 14. a4 {[%clk 0:12:19.7]} Bb7 {[%clk 0:13:19.8]} 15. c3 {[%clk 0:11:56.1]} Qd7 {[%clk 0:12:21.5]} 16. Ng5 {[%clk 0:11:39.2]} Rae8 {[%clk 0:11:39.3]} 17. Nf3 {[%clk 0:11:37.7]} Bxf3 {[%clk 0:11:10.2]} 18. Qxf3 {[%clk 0:11:37.1]} Rd8 {[%clk 0:11:04.7]} 19. Rd1 {[%clk 0:11:28.9]} Nf5 {[%clk 0:10:33.8]} 20. Bc4 {[%clk 0:10:55.7]} h5 {[%clk 0:09:56.8]} 21. Bb5 {[%clk 0:10:44.4]} Qd5 {[%clk 0:09:20.8]} 22. Qxd5 {[%clk 0:10:43.2]} exd5 {[%clk 0:08:46.4]} 23. a5 {[%clk 0:10:42.1]} d4 {[%clk 0:08:36.5]} 24. Bd2 {[%clk 0:10:18.5]} Rd6 {[%clk 0:07:54.8]} 25. Re1 {[%clk 0:10:06.5]} Rfd8 {[%clk 0:07:14.5]} 26. axb6 {[%clk 0:09:22.6]} axb6 {[%clk 0:06:35.1]} 27. Ra7 {[%clk 0:08:19.8]} Rf6 {[%clk 0:05:50.0]} 28. g3 {[%clk 0:07:36.7]} Nd6 {[%clk 0:05:39.9]} 29. c4 {[%clk 0:07:23.6]} Nf5 {[%clk 0:05:24.4]} 30. Re4 {[%clk 0:06:38.7]} Rdd6 {[%clk 0:05:05.6]} 31. Re8+ {[%clk 0:06:20.7]} Kh7 {[%clk 0:05:03.8]} 32. Kf2 {[%clk 0:06:16.9]} Rfe6 {[%clk 0:04:54.3]} 33. Rxf7 {[%clk 0:06:02.8]} Rxe8 {[%clk 0:04:21.4]} 34. Bxe8 {[%clk 0:06:04.8]} Kg8 {[%clk 0:03:57.4]} 35. Rb7 {[%clk 0:05:47.5]} Kf8 {[%clk 0:03:45.1]} 36. Rb8 {[%clk 0:05:26.9]} Ke7 {[%clk 0:03:37.9]} 37. b4 {[%clk 0:05:29.8]} Re6 {[%clk 0:03:09.1]} 38. Bb5 {[%clk 0:05:12.8]} Ne3 {[%clk 0:02:25.2]} 39. bxc5 {[%clk 0:03:39.8]} bxc5 {[%clk 0:02:22.6]} 40. h3 {[%clk 0:02:55.6]} Nd1+ {[%clk 0:02:10.6]} 41. Kf3 {[%clk 0:02:55.2]} Nb2 {[%clk 0:01:58.6]} 42. Re8+ {[%clk 0:02:53.0]} Kf6 {[%clk 0:01:56.4]} 43. Rxe6+ {[%clk 0:02:56.2]} Kxe6 {[%clk 0:01:58.2]} 44. Ke2 {[%clk 0:03:00.0]} h4 {[%clk 0:01:33.3]} 45. g4 {[%clk 0:02:51.6]} Bf8 {[%clk 0:01:23.7]} 46. Bc1 {[%clk 0:02:42.8]} Nxc4 {[%clk 0:01:18.0]} 47. Bxc4+ {[%clk 0:02:42.9]} {Black Resigned} 1-0

[Event "NK 2023 kwalicificatie"]
[Site "Haarlem, Netherlands"]
[Date "2023.06.04"]
[Round "8.2"]
[White "Timmermans, Mark"]
[Black "ten Hertog, Hugo"]
[Result "0-1"]
[BlackCountry "NL"]
[BlackElo "2526"]
[BlackTitle "GM"]
[WhiteCountry "NL"]
[WhiteElo "2402"]
[WhiteTitle "IM"]

1. e4 {[%clk 0:15:05.0]} g6 {[%clk 0:15:03.5]} 2. d4 {[%clk 0:15:05.9]} Bg7 {[%clk 0:15:07.2]} 3. Nc3 {[%clk 0:15:07.7]} d6 {[%clk 0:15:09.4]} 4. f4 {[%clk 0:15:10.2]} a6 {[%clk 0:15:12.4]} 5. Nf3 {[%clk 0:15:13.2]} b5 {[%clk 0:15:16.4]} 6. Be3 {[%clk 0:15:16.2]} Bb7 {[%clk 0:15:17.9]} 7. Bd3 {[%clk 0:15:06.6]} Nf6 {[%clk 0:15:20.7]} 8. e5 {[%clk 0:15:08.0]} Ng4 {[%clk 0:15:24.2]} 9. Bg1 {[%clk 0:15:10.8]} c5 {[%clk 0:15:28.1]} 10. Be4 {[%clk 0:15:03.6]} Bxe4 {[%clk 0:15:00.6]} 11. Nxe4 {[%clk 0:15:05.9]} cxd4 {[%clk 0:15:03.7]} 12. exd6 {[%clk 0:15:09.6]} Nc6 {[%clk 0:14:56.0]} 13. h3 {[%clk 0:14:45.3]} Nf6 {[%clk 0:14:57.3]} 14. Bxd4 {[%clk 0:14:45.2]} Nxd4 {[%clk 0:14:46.1]} 15. Qxd4 {[%clk 0:14:47.2]} 0-0 {[%clk 0:14:49.5]} 16. Rd1 {[%clk 0:11:19.2]} Nxe4 {[%clk 0:13:52.6]} 17. Qxe4 {[%clk 0:11:21.6]} exd6 {[%clk 0:13:53.9]} 18. 0-0 {[%clk 0:11:24.8]} Bxb2 {[%clk 0:13:48.1]} 19. Qb4 {[%clk 0:11:28.1]} Bg7 {[%clk 0:13:37.6]} 20. Qxd6 {[%clk 0:11:17.5]} Qxd6 {[%clk 0:13:17.6]} 21. Rxd6 {[%clk 0:11:20.5]} Rfc8 {[%clk 0:13:21.0]} 22. Rf2 {[%clk 0:11:09.4]} Bf8 {[%clk 0:13:17.9]} 23. Rd3 {[%clk 0:10:40.3]} Bc5 {[%clk 0:12:31.5]} 24. Nd4 {[%clk 0:10:44.1]} Bb6 {[%clk 0:12:34.2]} 25. Kf1 {[%clk 0:10:35.2]} Rc4 {[%clk 0:12:36.6]} 26. Rfd2 {[%clk 0:10:38.4]} Rac8 {[%clk 0:12:33.5]} 27. Ne2 {[%clk 0:10:28.0]} Ba5 {[%clk 0:10:25.9]} 28. c3 {[%clk 0:10:31.7]} Bxc3 {[%clk 0:10:14.5]} 29. Rd8+ {[%clk 0:08:43.6]} Rxd8 {[%clk 0:09:15.0]} 30. Rxd8+ {[%clk 0:08:45.1]} Kg7 {[%clk 0:09:18.7]} 31. Ra8 {[%clk 0:08:42.0]} Bd2 {[%clk 0:09:11.7]} 32. Rxa6 {[%clk 0:08:43.7]} Bxf4 {[%clk 0:09:13.8]} 33. Nxf4 {[%clk 0:08:12.3]} Rxf4+ {[%clk 0:09:16.7]} 34. Ke2 {[%clk 0:08:16.0]} Ra4 {[%clk 0:05:53.2]} 35. Rxa4 {[%clk 0:08:17.8]} bxa4 {[%clk 0:05:57.1]} 36. Kd3 {[%clk 0:08:21.7]} f5 {[%clk 0:06:01.1]} 37. Kc4 {[%clk 0:06:32.6]} g5 {[%clk 0:05:43.5]} 38. Kb4 {[%clk 0:06:35.5]} g4 {[%clk 0:04:41.7]} 39. hxg4 {[%clk 0:06:29.5]} fxg4 {[%clk 0:04:45.0]} 40. Kc5 {[%clk 0:03:27.1]} Kf6 {[%clk 0:04:02.0]} 41. Kd4 {[%clk 0:03:29.2]} Kf5 {[%clk 0:04:01.4]} 42. g3 {[%clk 0:03:31.8]} h5 {[%clk 0:04:04.6]} 43. Ke3 {[%clk 0:02:58.2]} a3 {[%clk 0:03:05.5]} 44. Kf2 {[%clk 0:01:38.7]} Ke4 {[%clk 0:03:08.8]} 45. Ke2 {[%clk 0:01:42.2]} Kd4 {[%clk 0:03:11.1]} 46. Kd2 {[%clk 0:01:43.0]} Kc4 {[%clk 0:03:14.8]} 47. Ke3 {[%clk 0:00:44.7]} Kc3 {[%clk 0:03:17.6]} 48. Kf4 {[%clk 0:00:48.9]} Kb2 {[%clk 0:03:21.4]} 49. Kg5 {[%clk 0:00:53.3]} Kxa2 {[%clk 0:03:25.2]} 50. Kxh5 {[%clk 0:00:57.6]} Kb3 {[%clk 0:03:28.1]} 51. Kxg4 {[%clk 0:01:01.9]} a2 {[%clk 0:03:32.0]} {White Resigned} 0-1

[Event "NK 2023 kwalicificatie"]
[Site "Haarlem, Netherlands"]
[Date "2023.06.04"]
[Round "8.3"]
[White "Maatman, Nick"]
[Black "Pijpers, Arthur"]
[Result "1-0"]
[BlackElo "2465"]
[WhiteCountry "NL"]
[WhiteElo "2362"]
[WhiteTitle "IM"]

1. e4 {[%clk 0:15:05.0]} c5 {[%clk 0:14:59.8]} 2. Nf3 {[%clk 0:15:08.3]} g6 {[%clk 0:15:03.3]} 3. c3 {[%clk 0:15:08.7]} d5 {[%clk 0:15:05.9]} 4. e5 {[%clk 0:14:54.2]} Bg4 {[%clk 0:15:08.8]} 5. d4 {[%clk 0:14:56.4]} Nc6 {[%clk 0:15:07.9]} 6. Bb5 {[%clk 0:14:55.8]} cxd4 {[%clk 0:15:06.6]} 7. cxd4 {[%clk 0:14:58.5]} e6 {[%clk 0:15:10.3]} 8. Qa4 {[%clk 0:13:45.7]} Ne7 {[%clk 0:12:39.5]} 9. Bg5 {[%clk 0:12:41.1]} Bxf3 {[%clk 0:12:14.8]} 10. gxf3 {[%clk 0:12:43.4]} Qb6 {[%clk 0:11:15.8]} 11. Bf6 {[%clk 0:12:42.4]} Rg8 {[%clk 0:11:17.7]} 12. Nd2 {[%clk 0:12:16.5]} a6 {[%clk 0:10:44.5]} 13. Bxc6+ {[%clk 0:10:48.1]} Nxc6 {[%clk 0:10:46.3]} 14. Nb3 {[%clk 0:10:47.3]} Qa7 {[%clk 0:07:12.8]} 15. Nc5 {[%clk 0:09:55.0]} Bxc5 {[%clk 0:06:59.4]} 16. dxc5 {[%clk 0:09:58.8]} Qxc5 {[%clk 0:07:03.1]} 17. 0-0 {[%clk 0:10:02.7]} Qb4 {[%clk 0:06:36.6]} 18. Qc2 {[%clk 0:09:39.0]} Rc8 {[%clk 0:05:12.6]} 19. Rfe1 {[%clk 0:08:44.0]} Kd7 {[%clk 0:05:11.5]} 20. Re3 {[%clk 0:07:47.5]} Nd4 {[%clk 0:05:06.1]} 21. Qd1 {[%clk 0:07:36.7]} Rc4 {[%clk 0:04:40.8]} 22. Rd3 {[%clk 0:07:23.5]} Rgc8 {[%clk 0:04:29.2]} 23. Kg2 {[%clk 0:06:08.2]} Qxb2 {[%clk 0:01:46.3]} 24. Rb1 {[%clk 0:06:03.0]} Qxa2 {[%clk 0:01:50.2]} 25. Rxb7+ {[%clk 0:05:59.9]} Kc6 {[%clk 0:01:52.0]} 26. Rxf7 {[%clk 0:05:53.2]} Nf5 {[%clk 0:01:27.0]} 27. Rd2 {[%clk 0:05:34.6]} Qa3 {[%clk 0:01:19.4]} 28. Qb1 {[%clk 0:05:23.8]} Rb4 {[%clk 0:01:08.1]} 29. Rc2+ {[%clk 0:05:19.9]} Kb6 {[%clk 0:01:03.1]} 30. Qxb4+ {[%clk 0:03:15.6]} Qxb4 {[%clk 0:01:05.7]} 31. Rxc8 {[%clk 0:03:19.5]} Qd2 {[%clk 0:01:05.3]} 32. Rb8+ {[%clk 0:02:34.9]} Ka5 {[%clk 0:00:59.0]} 33. Rfb7 {[%clk 0:02:38.2]} Ne3+ {[%clk 0:00:52.5]} 34. Kg3 {[%clk 0:02:34.5]} Nf5+ {[%clk 0:00:53.1]} 35. Kg2 {[%clk 0:02:36.1]} Ne3+ {[%clk 0:00:56.0]} 36. Kg3 {[%clk 0:01:41.7]} Nd1 {[%clk 0:00:56.1]} 37. Rb3 {[%clk 0:01:12.6]} Qxf2+ {[%clk 0:00:55.9]} 38. Kh3 {[%clk 0:00:59.7]} Qf1+ {[%clk 0:00:54.1]} 39. Kh4 {[%clk 0:00:44.5]} Qe1+ {[%clk 0:00:53.2]} 40. Kg5 {[%clk 0:00:38.7]} Ka4 {[%clk 0:00:33.9]} 41. Be7 {[%clk 0:00:19.3]} Qxe5+ {[%clk 0:00:20.0]} 42. Kh6 {[%clk 0:00:23.1]} Qxh2+ {[%clk 0:00:20.8]} 43. Kg7 {[%clk 0:00:26.1]} Qe5+ {[%clk 0:00:24.2]} 44. Kxh7 {[%clk 0:00:23.9]} Qh2+ {[%clk 0:00:14.1]} 45. Kg8 {[%clk 0:00:20.9]} Qxb8+ {[%clk 0:00:13.3]} 46. Rxb8 {[%clk 0:00:24.2]} a5 {[%clk 0:00:14.6]} 47. Kf7 {[%clk 0:00:25.7]} d4 {[%clk 0:00:18.4]} 48. Rd8 {[%clk 0:00:26.2]} e5 {[%clk 0:00:21.5]} 49. Bf6 {[%clk 0:00:23.5]} Kb3 {[%clk 0:00:15.7]} 50. Bxe5 {[%clk 0:00:26.6]} a4 {[%clk 0:00:18.0]} 51. Rxd4 {[%clk 0:00:29.0]} Nf2 {[%clk 0:00:18.0]} 52. Rd2 {[%clk 0:00:29.1]} Nh3 {[%clk 0:00:19.0]} 53. Kxg6 {[%clk 0:00:24.6]} a3 {[%clk 0:00:22.3]} 54. f4 {[%clk 0:00:25.1]} a2 {[%clk 0:00:25.9]} 55. Rd3+ {[%clk 0:00:28.6]} {Black Resigned} 1-0

[Event "NK 2023 kwalicificatie"]
[Site "Haarlem, Netherlands"]
[Date "2023.06.04"]
[Round "8.4"]
[White "De Winter, Arthur"]
[Black "Slagboom, Leandro"]
[Result "1-0"]
[BlackCountry "NL"]
[BlackElo "2270"]
[WhiteCountry "NL"]
[WhiteElo "2378"]
[WhiteTitle "FM"]

1. e4 {[%clk 0:15:05.0]} e5 {[%clk 0:15:03.4]} 2. Nf3 {[%clk 0:15:08.7]} Nc6 {[%clk 0:15:07.4]} 3. Bb5 {[%clk 0:15:12.6]} a6 {[%clk 0:15:11.0]} 4. Ba4 {[%clk 0:15:16.7]} Nf6 {[%clk 0:15:14.8]} 5. 0-0 {[%clk 0:15:20.7]} Nxe4 {[%clk 0:15:18.8]} 6. d4 {[%clk 0:15:21.3]} b5 {[%clk 0:15:22.2]} 7. Bb3 {[%clk 0:15:24.6]} d5 {[%clk 0:15:26.0]} 8. dxe5 {[%clk 0:15:27.2]} Be6 {[%clk 0:15:29.6]} 9. c3 {[%clk 0:15:31.1]} Be7 {[%clk 0:15:32.5]} 10. Be3 {[%clk 0:15:27.4]} 0-0 {[%clk 0:15:31.4]} 11. Nbd2 {[%clk 0:15:29.5]} Qd7 {[%clk 0:15:33.5]} 12. h3 {[%clk 0:13:29.1]} Nxd2 {[%clk 0:14:45.2]} 13. Qxd2 {[%clk 0:13:24.0]} Na5 {[%clk 0:14:45.6]} 14. Nd4 {[%clk 0:13:15.7]} Nc4 {[%clk 0:14:34.7]} 15. Bxc4 {[%clk 0:13:05.9]} bxc4 {[%clk 0:14:38.5]} 16. b4 {[%clk 0:12:23.7]} cxb3 {[%clk 0:14:31.1]} 17. Nxb3 {[%clk 0:12:26.1]} a5 {[%clk 0:13:38.8]} 18. f4 {[%clk 0:12:03.3]} a4 {[%clk 0:12:57.4]} 19. Nc5 {[%clk 0:12:02.3]} Qb5 {[%clk 0:11:58.9]} 20. Rab1 {[%clk 0:11:52.6]} Qc6 {[%clk 0:11:08.0]} 21. Nd3 {[%clk 0:11:41.4]} Bf5 {[%clk 0:11:05.1]} 22. Nb4 {[%clk 0:11:25.5]} Bxb4 {[%clk 0:10:28.5]} 23. Rxb4 {[%clk 0:11:27.6]} h5 {[%clk 0:09:08.4]} 24. g4 {[%clk 0:10:25.6]} hxg4 {[%clk 0:09:05.6]} 25. hxg4 {[%clk 0:10:29.5]} Qg6 {[%clk 0:09:01.3]} 26. g5 {[%clk 0:10:31.9]} c6 {[%clk 0:07:33.0]} 27. Qh2 {[%clk 0:09:57.5]} Rfb8 {[%clk 0:06:21.3]} 28. a3 {[%clk 0:08:34.8]} Rxb4 {[%clk 0:05:40.3]} 29. cxb4 {[%clk 0:08:37.5]} d4 {[%clk 0:05:25.4]} 30. Bxd4 {[%clk 0:08:17.9]} Rd8 {[%clk 0:05:19.7]} 31. Bc5 {[%clk 0:06:47.4]} Rd3 {[%clk 0:05:01.1]} 32. Qe2 {[%clk 0:05:36.9]} Rg3+ {[%clk 0:04:26.3]} 33. Kf2 {[%clk 0:05:35.6]} Rh3 {[%clk 0:02:59.3]} 34. Rg1 {[%clk 0:05:04.7]} Qe6 {[%clk 0:02:18.4]} 35. Rg3 {[%clk 0:05:01.7]} Rh1 {[%clk 0:01:52.2]} 36. Rg1 {[%clk 0:04:14.4]} Rh4 {[%clk 0:01:54.9]} 37. Qd2 {[%clk 0:04:17.2]} Qc4 {[%clk 0:01:36.0]} 38. Qd8+ {[%clk 0:04:18.3]} Kh7 {[%clk 0:01:39.0]} 39. g6+ {[%clk 0:04:22.6]} {Black Resigned} 1-0

[Event "NK 2023 kwalicificatie"]
[Site "Haarlem, Netherlands"]
[Date "2023.06.04"]
[Round "8.5"]
[White "Beerdsen, Thomas"]
[Black "Baselmans, Luuk"]
[Result "0-1"]
[BlackElo "2338"]
[WhiteCountry "NL"]
[WhiteElo "2520"]
[WhiteTitle "IM"]

1. e4 {[%clk 0:15:05.0]} c5 {[%clk 0:15:03.1]} 2. Nf3 {[%clk 0:15:07.9]} Nc6 {[%clk 0:15:06.6]} 3. Nc3 {[%clk 0:14:23.9]} g6 {[%clk 0:14:48.9]} 4. d4 {[%clk 0:14:23.7]} cxd4 {[%clk 0:14:51.8]} 5. Nxd4 {[%clk 0:14:27.8]} Bg7 {[%clk 0:14:54.5]} 6. Nf3 {[%clk 0:14:31.6]} d6 {[%clk 0:14:48.8]} 7. h3 {[%clk 0:14:35.2]} Nf6 {[%clk 0:14:43.2]} 8. Bc4 {[%clk 0:14:38.6]} 0-0 {[%clk 0:14:24.0]} 9. 0-0 {[%clk 0:14:41.0]} Bd7 {[%clk 0:14:21.8]} 10. Bg5 {[%clk 0:14:42.3]} Rc8 {[%clk 0:14:06.1]} 11. Qe2 {[%clk 0:14:40.5]} a6 {[%clk 0:14:02.8]} 12. Rad1 {[%clk 0:14:42.2]} b5 {[%clk 0:13:55.5]} 13. Bb3 {[%clk 0:14:44.5]} h6 {[%clk 0:13:20.8]} 14. Bh4 {[%clk 0:14:37.7]} g5 {[%clk 0:12:28.0]} 15. Bg3 {[%clk 0:14:37.4]} Na5 {[%clk 0:12:26.6]} 16. e5 {[%clk 0:14:34.3]} dxe5 {[%clk 0:12:23.7]} 17. Nxe5 {[%clk 0:14:35.9]} Nxb3 {[%clk 0:12:24.9]} 18. axb3 {[%clk 0:14:37.7]} Qe8 {[%clk 0:12:08.5]} 19. Nxd7 {[%clk 0:14:23.3]} Nxd7 {[%clk 0:12:10.4]} 20. Nd5 {[%clk 0:14:26.5]} e5 {[%clk 0:11:52.2]} 21. b4 {[%clk 0:12:49.8]} f5 {[%clk 0:11:02.5]} 22. f3 {[%clk 0:12:50.2]} Qf7 {[%clk 0:10:44.7]} 23. Rd3 {[%clk 0:12:39.0]} Rfe8 {[%clk 0:10:34.6]} 24. Qd2 {[%clk 0:11:33.8]} f4 {[%clk 0:10:14.2]} 25. Bf2 {[%clk 0:11:31.5]} e4 {[%clk 0:10:17.9]} 26. fxe4 {[%clk 0:11:31.7]} Ne5 {[%clk 0:10:21.1]} 27. Bc5 {[%clk 0:09:59.4]} Nc4 {[%clk 0:09:53.7]} 28. Qe1 {[%clk 0:08:37.0]} Nxb2 {[%clk 0:09:34.4]} 29. Ra3 {[%clk 0:07:33.8]} Na4 {[%clk 0:09:24.6]} 30. c3 {[%clk 0:05:32.2]} Nxc5 {[%clk 0:09:16.9]} 31. bxc5 {[%clk 0:05:35.3]} Rxc5 {[%clk 0:09:20.3]} 32. Qb1 {[%clk 0:05:38.6]} Rc4 {[%clk 0:09:07.5]} 33. Rxa6 {[%clk 0:05:36.9]} Rcxe4 {[%clk 0:08:22.8]} 34. Qxb5 {[%clk 0:05:38.6]} Kh8 {[%clk 0:07:47.2]} 35. Qd3 {[%clk 0:04:52.2]} Re2 {[%clk 0:07:11.3]} 36. Rfa1 {[%clk 0:03:46.5]} Qb7 {[%clk 0:05:37.7]} 37. Ra7 {[%clk 0:03:31.5]} Qb2 {[%clk 0:05:27.3]} 38. Qf3 {[%clk 0:02:15.4]} Re1+ {[%clk 0:05:26.4]} 39. Rxe1 {[%clk 0:02:18.3]} Rxe1+ {[%clk 0:05:29.2]} 40. Kh2 {[%clk 0:02:22.2]} Qb1 {[%clk 0:05:31.5]} 41. Nxf4 {[%clk 0:01:04.1]} gxf4 {[%clk 0:04:49.4]} 42. Qa8+ {[%clk 0:01:07.1]} Kh7 {[%clk 0:04:52.9]} 43. Rxg7+ {[%clk 0:01:10.4]} Kxg7 {[%clk 0:04:56.6]} 44. Qa7+ {[%clk 0:01:14.3]} Kf8 {[%clk 0:04:44.7]} 45. Qc5+ {[%clk 0:01:16.1]} Re7 {[%clk 0:04:29.2]} 46. Qd4 {[%clk 0:01:12.2]} f3 {[%clk 0:03:55.3]} 47. Qf6+ {[%clk 0:00:59.0]} Ke8 {[%clk 0:03:36.6]} 48. Qc6+ {[%clk 0:01:00.6]} Kd8 {[%clk 0:03:36.0]} 49. Qd6+ {[%clk 0:00:52.5]} Rd7 {[%clk 0:03:33.6]} 50. Qf8+ {[%clk 0:00:54.3]} Kc7 {[%clk 0:03:36.8]} 51. Qf4+ {[%clk 0:00:43.6]} Rd6 {[%clk 0:03:29.0]} 52. Qf7+ {[%clk 0:00:37.2]} Kb6 {[%clk 0:03:28.6]} 53. Qxf3 {[%clk 0:00:34.9]} Qd3 {[%clk 0:03:20.9]} 54. Qf8 {[%clk 0:00:38.1]} Qd5 {[%clk 0:02:23.0]} 55. Qb8+ {[%clk 0:00:37.4]} Ka6 {[%clk 0:02:23.1]} 56. Qc8+ {[%clk 0:00:37.1]} Ka5 {[%clk 0:02:24.9]} 57. Qc7+ {[%clk 0:00:15.7]} Ka4 {[%clk 0:02:20.1]} 58. Qe7 {[%clk 0:00:17.8]} Kb3 {[%clk 0:02:17.7]} 59. Qe3 {[%clk 0:00:10.1]} Re6 {[%clk 0:02:18.1]} 60. Qa7 {[%clk 0:00:05.5]} Qd6+ {[%clk 0:02:12.2]} 61. Kg1 {[%clk 0:00:06.1]} Qb6+ {[%clk 0:01:55.0]} {White Resigned} 0-1

[Event "NK 2023 kwalicificatie"]
[Site "Haarlem, Netherlands"]
[Date "2023.06.04"]
[Round "9.2"]
[White "Slagboom, Leandro"]
[Black "Beerdsen, Thomas"]
[Result "1-0"]
[BlackCountry "NL"]
[BlackElo "2520"]
[BlackTitle "IM"]
[WhiteCountry "NL"]
[WhiteElo "2270"]

1. e4 {[%clk 0:15:05.0]} c5 {[%clk 0:14:56.8]} 2. Nf3 {[%clk 0:15:08.5]} e6 {[%clk 0:14:58.6]} 3. d4 {[%clk 0:15:11.9]} cxd4 {[%clk 0:15:02.4]} 4. Nxd4 {[%clk 0:15:16.0]} Nc6 {[%clk 0:15:06.1]} 5. Nc3 {[%clk 0:15:19.7]} Qc7 {[%clk 0:15:09.8]} 6. Be3 {[%clk 0:15:22.0]} a6 {[%clk 0:15:07.7]} 7. g4 {[%clk 0:15:25.5]} Rb8 {[%clk 0:15:05.8]} 8. h4 {[%clk 0:13:32.5]} b5 {[%clk 0:15:06.6]} 9. Nxc6 {[%clk 0:13:34.9]} Qxc6 {[%clk 0:15:09.1]} 10. f3 {[%clk 0:13:36.0]} Nf6 {[%clk 0:14:41.8]} 11. Qd2 {[%clk 0:13:19.5]} b4 {[%clk 0:14:09.4]} 12. Ne2 {[%clk 0:13:21.5]} d6 {[%clk 0:13:08.9]} 13. Nd4 {[%clk 0:12:20.9]} Qc7 {[%clk 0:12:53.5]} 14. 0-0-0 {[%clk 0:12:20.7]} Nd7 {[%clk 0:12:50.1]} 15. Kb1 {[%clk 0:11:25.4]} Ne5 {[%clk 0:12:14.7]} 16. g5 {[%clk 0:10:41.9]} Be7 {[%clk 0:11:36.9]} 17. h5 {[%clk 0:10:28.3]} Bd7 {[%clk 0:11:36.7]} 18. Be2 {[%clk 0:09:51.3]} a5 {[%clk 0:11:16.6]} 19. f4 {[%clk 0:09:17.8]} Nc4 {[%clk 0:11:18.2]} 20. Bxc4 {[%clk 0:09:21.6]} Qxc4 {[%clk 0:11:22.0]} 21. g6 {[%clk 0:09:08.4]} fxg6 {[%clk 0:11:00.1]} 22. hxg6 {[%clk 0:09:12.1]} h6 {[%clk 0:11:03.0]} 23. e5 {[%clk 0:08:21.0]} d5 {[%clk 0:10:15.9]} 24. f5 {[%clk 0:08:02.6]} Rb6 {[%clk 0:09:11.8]} 25. Nxe6 {[%clk 0:04:20.6]} Bxe6 {[%clk 0:09:14.0]} 26. Bxb6 {[%clk 0:04:16.7]} Bxf5 {[%clk 0:09:17.4]} 27. Qxd5 {[%clk 0:02:33.9]} Bxc2+ {[%clk 0:09:19.0]} 28. Ka1 {[%clk 0:02:37.4]} Qxd5 {[%clk 0:09:22.4]} 29. Rxd5 {[%clk 0:02:41.2]} Be4 {[%clk 0:09:26.5]} 30. Rc1 {[%clk 0:02:42.0]} Bxd5 {[%clk 0:08:56.2]} 31. Rc8+ {[%clk 0:02:45.4]} Kd7 {[%clk 0:09:00.4]} 32. Rxh8 {[%clk 0:02:49.4]} a4 {[%clk 0:09:04.7]} 33. Bd4 {[%clk 0:02:15.0]} a3 {[%clk 0:06:53.9]} 34. bxa3 {[%clk 0:02:02.8]} bxa3 {[%clk 0:06:56.8]} 35. Rh7 {[%clk 0:01:32.7]} Bf8 {[%clk 0:06:23.9]} 36. e6+ {[%clk 0:01:26.4]} Kxe6 {[%clk 0:06:23.2]} 37. Bxg7 {[%clk 0:01:30.2]} Be7 {[%clk 0:05:53.7]} 38. Bc3 {[%clk 0:01:05.1]} Be4 {[%clk 0:05:33.1]} 39. Rxh6 {[%clk 0:01:07.8]} Bg5 {[%clk 0:05:02.2]} 40. Rh5 {[%clk 0:01:10.0]} Bc1 {[%clk 0:04:32.2]} 41. Re5+ {[%clk 0:01:08.0]} {Black Resigned} 1-0